[Event "8. Open Internacional de Málaga"]
[Site "Campillos ESP"]
[Date "2005.02.23"]
[Round "6.11"]
[White "Belezky, Sasha"]
[Black "Naranjo Moreno, Antonio"]
[Result "1-0"]
[WhiteElo "2402"]
[BlackElo "2169"]
[PlyCount "135"]
[EventDate "2005.02.19"]
[EventType "swiss"]
[EventRounds "9"]
[EventCountry "ESP"]
[Source "lmi"]
[SourceDate "2005.02.26"]

1. Nf3 d5 2. b3 Nf6 3. Bb2 c6 4. g3 Bg4 5. Bg2 Nbd7 6. d3 Qc7 7. O-O e5 8. Nfd2
Bd6 9. Qe1 O-O-O 10. e4 d4 11. Nc4 Ne8 12. f4 f6 13. fxe5 fxe5 14. a4 Be6 15.
Nxd6+ Nxd6 16. Nd2 g5 17. Nf3 Rhg8 18. b4 g4 19. Nh4 Nf7 20. Kh1 Nf8 21. c3 Ng6
22. Nf5 dxc3 23. Qxc3 Ne7 24. Qc5 Nxf5 25. exf5 Bd5 26. Bxd5 Rxd5 27. Qxa7 Rxd3
28. b5 c5 29. Rac1 b6 30. Qa8+ Qb8 31. Qc6+ Qc7 32. Qa8+ Qb8 33. Qc6+ Qc7 34.
Qe6+ Kb8 35. Rce1 Qb7+ 36. Kg1 Ka7 37. a5 Rd6 38. a6 Qd5 39. Rd1 Rxe6 40. Rxd5
Rd6 41. Rxd6 Nxd6 42. Bxe5 Nc4 43. Bf4 Rf8 44. Bh6 Rf7 45. h3 gxh3 46. g4 Nd6
47. Rb1 Rf6 48. Bg5 Rf7 49. Bf4 Ne4 50. Re1 Nf6 51. g5 Nd5 52. f6 h6 53. Kh1
hxg5 54. Bxg5 Rf8 55. Rf1 Rf7 56. Kh2 Nc3 57. Kxh3 Nxb5 58. Kg4 Nd6 59. Re1 Rf8
60. Ra1 b5 61. Kf4 Ne8 62. Ke5 Nxf6 63. Bxf6 Kb6 64. a7 Ra8 65. Be7 Kc6 66. Bd6
Re8+ 67. Kf4 Ra8 68. Bb8 1-0

[Event "8. Open Internacional de Málaga"]
[Site "Campillos ESP"]
[Date "2005.02.23"]
[Round "6.12"]
[White "Tissir, Mohamed"]
[Black "Borrego Gil, Diego"]
[Result "1-0"]
[WhiteElo "2394"]
[BlackElo "2102"]
[PlyCount "87"]
[EventDate "2005.02.19"]
[EventType "swiss"]
[EventRounds "9"]
[EventCountry "ESP"]
[Source "lmi"]
[SourceDate "2005.02.26"]

1. e4 e5 2. Nf3 Nc6 3. Bc4 Be7 4. O-O Nf6 5. d3 d6 6. c3 Bg4 7. Nbd2 O-O 8. h3
Bh5 9. Re1 Na5 10. Bb5 a6 11. Ba4 b5 12. Bc2 Nd7 13. Nf1 c5 14. g4 Bg6 15. Ng3
f6 16. Nf5 Nb6 17. N3h4 Bf7 18. Kh2 Kh8 19. Rg1 g5 20. Nxe7 Qxe7 21. Nf5 Qd8
22. h4 Nc6 23. Rg3 Be6 24. hxg5 fxg5 25. Be3 Rg8 26. Qf3 Ne7 27. Rh1 Ng6 28.
Kg1 Ra7 29. Rgh3 Rf8 30. Rh6 Bxf5 31. gxf5 Nf4 32. Kf1 Rf6 33. b4 Rxh6 34. Rxh6
Qf8 35. Qh1 Na4 36. Bxf4 exf4 37. Bxa4 bxa4 38. bxc5 dxc5 39. Qh5 Kg8 40. Re6
Re7 41. Rxa6 Qb8 42. f6 Qb1+ 43. Kg2 Qxd3 44. Ra8+ 1-0

[Event "8. Open Internacional de Málaga"]
[Site "Campillos ESP"]
[Date "2005.02.23"]
[Round "6.13"]
[White "Rubio Doblas, Ricardo"]
[Black "Kovacevic, Slobodan"]
[Result "0-1"]
[WhiteElo "2090"]
[BlackElo "2367"]
[PlyCount "60"]
[EventDate "2005.02.19"]
[EventType "swiss"]
[EventRounds "9"]
[EventCountry "ESP"]
[Source "lmi"]
[SourceDate "2005.02.26"]

1. e4 c5 2. Nf3 e6 3. d3 Nc6 4. g3 Nf6 5. Bg2 d6 6. O-O Be7 7. c3 Bd7 8. Re1
O-O 9. Nbd2 Rc8 10. Nf1 Qc7 11. Bf4 Qb6 12. Qd2 Rfd8 13. h4 Be8 14. N1h2 e5 15.
Bg5 Bd7 16. Rab1 a5 17. Qe2 Qc7 18. Bxf6 Bxf6 19. g4 h6 20. g5 hxg5 21. hxg5
Be7 22. Qe3 g6 23. Rbd1 Kg7 24. Nh4 Rh8 25. Qg3 Rh5 26. N2f3 Rch8 27. d4 cxd4
28. cxd4 Nxd4 29. Nxd4 Rxh4 30. Nf3 Rg4 0-1

[Event "8. Open Internacional de Málaga"]
[Site "Campillos ESP"]
[Date "2005.02.24"]
[Round "7.1"]
[White "Colovic, Aleksandar"]
[Black "Galego, Luis"]
[Result "1-0"]
[WhiteElo "2408"]
[BlackElo "2496"]
[PlyCount "45"]
[EventDate "2005.02.19"]
[EventType "swiss"]
[EventRounds "9"]
[EventCountry "ESP"]
[Source "lmi"]
[SourceDate "2005.02.26"]

1. e4 e6 2. d4 d5 3. Nc3 dxe4 4. Nxe4 Nf6 5. Nxf6+ Qxf6 6. Nf3 h6 7. Bd3 Nc6 8.
O-O Bd7 9. c3 Bd6 10. Re1 O-O-O 11. b4 g5 12. b5 Ne7 13. Ne5 Kb8 14. Rb1 Bxe5
15. dxe5 Qg7 16. Be3 Nd5 17. Bd4 Bc8 18. Qa4 b6 19. Rb3 Qf8 20. Be4 Qe7 21. c4
Nf4 22. c5 bxc5 23. b6 1-0

[Event "8. Open Internacional de Málaga"]
[Site "Campillos ESP"]
[Date "2005.02.24"]
[Round "7.2"]
[White "Matamoros Franco, Carlos S"]
[Black "Suba, Mihai"]
[Result "1-0"]
[WhiteElo "2522"]
[BlackElo "2529"]
[PlyCount "95"]
[EventDate "2005.02.19"]
[EventType "swiss"]
[EventRounds "9"]
[EventCountry "ESP"]
[Source "lmi"]
[SourceDate "2005.02.26"]

1. c4 Nf6 2. g3 c6 3. Bg2 d5 4. Nf3 e6 5. O-O dxc4 6. a4 Nbd7 7. Qc2 Nc5 8. Na3
Qb6 9. Nxc4 Qb3 10. Qc3 Nd5 11. Qd4 Qb4 12. Ra3 b5 13. axb5 Nb3 14. Rxb3 Qxb3
15. bxc6 Ba6 16. d3 Qb4 17. Bd2 Qc5 18. Ra1 Bb5 19. e4 Nf6 20. Nb6 Rd8 21. Qxc5
Bxc5 22. c7 Bxb6 23. cxd8=Q+ Kxd8 24. Ne5 Be8 25. Nc4 Kc7 26. Bf4+ Kc6 27. Nxb6
axb6 28. Rc1+ Kb5 29. Rc8 Rg8 30. Be5 Nd7 31. Bc3 e5 32. d4 exd4 33. Bf1+ Ka4
34. Bxd4 Nc5 35. Bxc5 bxc5 36. Rb8 h5 37. Bc4 Ka5 38. Kf1 Rf8 39. Ke1 f6 40.
Kd2 h4 41. Bb5 hxg3 42. hxg3 f5 43. Rxe8 Rf7 44. Bc4 Rd7+ 45. Kc3 fxe4 46. Re6
Ra7 47. Rc6 Ra8 48. Rxc5+ 1-0

[Event "8. Open Internacional de Málaga"]
[Site "Campillos ESP"]
[Date "2005.02.24"]
[Round "7.3"]
[White "Baron Rodriguez, Jesus"]
[Black "Rizouk, Aimen"]
[Result "1/2-1/2"]
[WhiteElo "2422"]
[BlackElo "2465"]
[PlyCount "95"]
[EventDate "2005.02.19"]
[EventType "swiss"]
[EventRounds "9"]
[EventCountry "ESP"]
[Source "lmi"]
[SourceDate "2005.02.26"]

1. e4 e5 2. Nf3 Nf6 3. Nc3 Nc6 4. Bb5 Bb4 5. O-O O-O 6. d3 d6 7. Bg5 Bxc3 8.
bxc3 Bd7 9. Rb1 a6 10. Ba4 Rb8 11. Bb3 h6 12. Bh4 Kh7 13. d4 Bg4 14. Qd3 Qe7
15. Nd2 g5 16. Bg3 Nh5 17. f3 Bd7 18. Nc4 Nxg3 19. hxg3 f5 20. d5 Nd8 21. exf5
Bxf5 22. Qe2 Qg7 23. Ne3 Bg6 24. Bc4 Nf7 25. Bd3 Nh8 26. Be4 Kg8 27. Rf2 Rf6
28. c4 h5 29. Rb3 Qh7 30. Qd3 b6 31. g4 hxg4 32. Nxg4 Rf4 33. Bxg6 Qxg6 34. g3
Rd4 35. Qe2 Rf8 36. Re3 b5 37. cxb5 axb5 38. Rc3 Rxd5 39. Rxc7 Nf7 40. Qe4 Rd1+
41. Kg2 Kh7 42. Qb7 Kg7 43. Qxb5 Qh5 44. Rf1 Rd2+ 45. Rf2 Rd1 46. Rf1 Rd2+ 47.
Rf2 Rd1 48. Rf1 1/2-1/2

[Event "8. Open Internacional de Málaga"]
[Site "Campillos ESP"]
[Date "2005.02.24"]
[Round "7.4"]
[White "Perez Garcia, Rodney"]
[Black "Alonso, Rene"]
[Result "1/2-1/2"]
[WhiteElo "2430"]
[BlackElo "2395"]
[PlyCount "20"]
[EventDate "2005.02.19"]
[EventType "swiss"]
[EventRounds "9"]
[EventCountry "ESP"]
[Source "lmi"]
[SourceDate "2005.02.26"]

1. e4 c6 2. Nc3 d5 3. Nf3 Bg4 4. h3 Bxf3 5. Qxf3 e6 6. d3 Nd7 7. Bd2 Bd6 8.
O-O-O Ne7 9. d4 O-O 10. Be3 e5 1/2-1/2

[Event "8. Open Internacional de Málaga"]
[Site "Campillos ESP"]
[Date "2005.02.24"]
[Round "7.6"]
[White "Matnadze, Ana"]
[Black "Saldano, Horacio"]
[Result "1/2-1/2"]
[WhiteElo "2376"]
[BlackElo "2482"]
[PlyCount "88"]
[EventDate "2005.02.19"]
[EventType "swiss"]
[EventRounds "9"]
[EventCountry "ESP"]
[Source "lmi"]
[SourceDate "2005.02.26"]

1. d4 Nf6 2. g3 g6 3. Bg2 Bg7 4. Nf3 O-O 5. O-O d6 6. c4 Nbd7 7. Nc3 e5 8. h3
c6 9. e4 Qa5 10. Re1 exd4 11. Nxd4 Ne5 12. Bf1 Be6 13. Nxe6 fxe6 14. f4 Nxc4
15. Bxc4 Qc5+ 16. Be3 Qxc4 17. Qxd6 Rfd8 18. Qc5 Qxc5 19. Bxc5 Rd2 20. e5 Nh5
21. Be3 Rxb2 22. g4 Ng3 23. Bf2 Nh1 24. Bh4 g5 25. fxg5 Rf8 26. Ne4 Rf3 27.
Rab1 Rxb1 28. Rxb1 Rxh3 29. Be1 Bxe5 30. g6 h6 31. g5 hxg5 32. Nxg5 Rh5 33. Nf3
Bd6 34. Rb2 Ng3 35. Kg2 Ne2 36. Bd2 Nf4+ 37. Bxf4 Bxf4 38. Rxb7 e5 39. Re7 Rh6
40. Nxe5 Rh2+ 41. Kf3 Bxe5 42. Rxe5 Rxa2 43. Rc5 Ra4 44. Rxc6 Kg7 1/2-1/2

[Event "8. Open Internacional de Málaga"]
[Site "Campillos ESP"]
[Date "2005.02.24"]
[Round "7.7"]
[White "Cramling, Pia"]
[Black "Tissir, Mohamed"]
[Result "1-0"]
[WhiteElo "2481"]
[BlackElo "2394"]
[PlyCount "65"]
[EventDate "2005.02.19"]
[EventType "swiss"]
[EventRounds "9"]
[EventCountry "ESP"]
[Source "lmi"]
[SourceDate "2005.02.26"]

1. d4 Nf6 2. Nf3 d5 3. c4 c6 4. Nc3 dxc4 5. a4 Bf5 6. Nh4 e6 7. Nxf5 exf5 8. e3
Bb4 9. Bxc4 O-O 10. Qc2 g6 11. O-O Nbd7 12. Ba2 Rc8 13. f3 c5 14. Qf2 Qb6 15.
Bd2 a6 16. Kh1 f4 17. a5 Qd6 18. exf4 Qxd4 19. Be3 Qd6 20. Rfd1 Qc7 21. Ne4
Nxe4 22. fxe4 Bxa5 23. e5 Rce8 24. Rd6 Re7 25. Qc2 Rfe8 26. Rxg6+ hxg6 27.
Qxg6+ Kf8 28. Qh7 Re6 29. f5 Nxe5 30. fxe6 c4 31. Bg5 Ng6 32. Qh6+ Kg8 33. Bf6
1-0

[Event "8. Open Internacional de Málaga"]
[Site "Campillos ESP"]
[Date "2005.02.24"]
[Round "7.8"]
[White "Javakhishvili, Lela"]
[Black "Kovacevic, Slobodan"]
[Result "1/2-1/2"]
[WhiteElo "2456"]
[BlackElo "2367"]
[PlyCount "44"]
[EventDate "2005.02.19"]
[EventType "swiss"]
[EventRounds "9"]
[EventCountry "ESP"]
[Source "lmi"]
[SourceDate "2005.02.26"]

1. d4 Nf6 2. Nf3 e6 3. g3 c5 4. Bg2 cxd4 5. Nxd4 a6 6. O-O Qc7 7. Nb3 Be7 8.
Bf4 d6 9. c4 Nh5 10. Bd2 Nc6 11. Nc3 Ne5 12. Rc1 Rb8 13. a4 b6 14. Na2 Nc6 15.
Nb4 Nxb4 16. Bxb4 O-O 17. a5 Nf6 18. Bc3 Nd7 19. axb6 Qxb6 20. Ba5 Qa7 21. Nd4
Bb7 22. Bh3 Ba8 1/2-1/2

[Event "8. Open Internacional de Málaga"]
[Site "Campillos ESP"]
[Date "2005.02.24"]
[Round "7.9"]
[White "Barrientos Chavarriaga, Sergio"]
[Black "Carlsson, Pontus"]
[Result "1-0"]
[WhiteElo "2432"]
[BlackElo "2381"]
[PlyCount "53"]
[EventDate "2005.02.19"]
[EventType "swiss"]
[EventRounds "9"]
[EventCountry "ESP"]
[Source "lmi"]
[SourceDate "2005.02.26"]

1. e4 c5 2. Nf3 d6 3. d4 Nf6 4. Nc3 cxd4 5. Nxd4 g6 6. Be2 Bg7 7. O-O O-O 8.
Bg5 Nc6 9. Nb3 a6 10. f4 b5 11. Bf3 b4 12. Na4 Qc7 13. c4 Nd7 14. Kh1 a5 15.
Re1 Ba6 16. Rc1 Nb6 17. Nxb6 Qxb6 18. e5 dxe5 19. Qd5 Rfc8 20. fxe5 a4 21. Nc5
e6 22. Qd6 Bb7 23. Nd7 Qc7 24. c5 Qa5 25. Nb6 Bf8 26. Qd2 Nxe5 27. Rxe5 1-0

[Event "8. Open Internacional de Málaga"]
[Site "Campillos ESP"]
[Date "2005.02.24"]
[Round "7.10"]
[White "Barria, Daniel"]
[Black "Llanes Hurtado, Miguel"]
[Result "1/2-1/2"]
[WhiteElo "2394"]
[BlackElo "2418"]
[PlyCount "31"]
[EventDate "2005.02.19"]
[EventType "swiss"]
[EventRounds "9"]
[EventCountry "ESP"]
[Source "lmi"]
[SourceDate "2005.02.26"]

1. d4 c5 2. d5 g6 3. c4 Bg7 4. e4 d6 5. Nc3 e6 6. h3 Nf6 7. Nf3 exd5 8. cxd5
O-O 9. Bd3 b5 10. Nxb5 Nxe4 11. Bxe4 Re8 12. O-O Rxe4 13. Ng5 Rb4 14. Qf3 Bf6
15. Ne4 Be7 16. Nbc3 1/2-1/2

[Event "8. Open Internacional de Málaga"]
[Site "Campillos ESP"]
[Date "2005.02.24"]
[Round "7.11"]
[White "Fernandez Siles, Luis"]
[Black "Belezky, Sasha"]
[Result "1-0"]
[WhiteElo "2280"]
[BlackElo "2402"]
[PlyCount "81"]
[EventDate "2005.02.19"]
[EventType "swiss"]
[EventRounds "9"]
[EventCountry "ESP"]
[Source "lmi"]
[SourceDate "2005.02.26"]

1. e4 e6 2. d4 d5 3. e5 c5 4. c3 Qb6 5. Nf3 Nc6 6. a3 c4 7. Nbd2 Na5 8. g3 Bd7
9. h4 h6 10. Bh3 O-O-O 11. h5 Ne7 12. O-O Nec6 13. Rb1 Nb3 14. Nxb3 Qxb3 15.
Qe2 Na5 16. Be3 Ba4 17. Rfc1 Kb8 18. Nd2 Qa2 19. f4 Nb3 20. Nxb3 Qxb3 21. f5
Re8 22. fxe6 fxe6 23. Qg4 Qb6 24. Qg6 Re7 25. Rf1 Be8 26. Qg4 Qd8 27. Rf2 Bf7
28. Rbf1 Qe8 29. Rxf7 Rxf7 30. Qxe6 Rxf1+ 31. Kxf1 Be7 32. Bg2 Qd8 33. Ke2 Bg5
34. Bxg5 hxg5 35. g4 Re8 36. Qf7 Re7 37. Qxd5 Qb6 38. Qg8+ Kc7 39. Qxc4+ Kd7
40. b4 a5 41. Be4 1-0

[Event "8. Open Internacional de Málaga"]
[Site "Campillos ESP"]
[Date "2005.02.24"]
[Round "7.12"]
[White "Frois, Antonio"]
[Black "Korneev, Oleg"]
[Result "1-0"]
[WhiteElo "2320"]
[BlackElo "2602"]
[PlyCount "105"]
[EventDate "2005.02.19"]
[EventType "swiss"]
[EventRounds "9"]
[EventCountry "ESP"]
[Source "lmi"]
[SourceDate "2005.02.26"]

1. e4 e5 2. Nf3 Nc6 3. Bc4 Bc5 4. c3 Nf6 5. d3 a6 6. Bb3 Ba7 7. Nbd2 O-O 8. O-O
d6 9. h3 h6 10. Re1 Nh5 11. Nf1 Qf6 12. Be3 Nf4 13. Ng3 g6 14. d4 Na5 15. Bc2
Nc4 16. Bc1 c5 17. b3 Na5 18. Bxf4 Qxf4 19. Nf5 Bxf5 20. g3 Qxf3 21. Qxf3 Bd7
22. dxe5 dxe5 23. Rad1 Be6 24. Rd6 Rae8 25. Red1 Bb8 26. R6d2 Nc6 27. Kg2 Kg7
28. Bd3 b5 29. Bc2 b4 30. Qe3 Rc8 31. cxb4 cxb4 32. Bd3 Ba7 33. Qe1 Nd4 34.
Bxa6 Rc3 35. Rd3 Rc2 36. R1d2 Rc7 37. Rb2 Rb8 38. Rd1 Rc3 39. Rc1 Nf3 40. Qd1
Ng5 41. h4 Nxe4 42. Bc4 Rc8 43. Rxc3 bxc3 44. Re2 Bxc4 45. bxc4 Nd2 46. Rxe5
Rxc4 47. Qc2 Bd4 48. Rd5 Bf6 49. Rd7 Rb4 50. Qd3 Nc4 51. Rc7 Nb6 52. Qd6 Rb5
53. Qe6 1-0

[Event "8. Open Internacional de Málaga"]
[Site "Campillos ESP"]
[Date "2005.02.24"]
[Round "7.14"]
[White "Khamrakulov, Ibragim S"]
[Black "Fenollar Jorda, Manuel"]
[Result "1-0"]
[WhiteElo "2501"]
[BlackElo "2226"]
[PlyCount "51"]
[EventDate "2005.02.19"]
[EventType "swiss"]
[EventRounds "9"]
[EventCountry "ESP"]
[Source "lmi"]
[SourceDate "2005.02.26"]

1. e4 e5 2. Nf3 Nc6 3. d4 exd4 4. Nxd4 Qf6 5. Nb5 Bc5 6. Qe2 Bb6 7. N1c3 Nge7
8. Be3 Nd4 9. Bxd4 Bxd4 10. Nxc7+ Kd8 11. N7d5 Nxd5 12. Nxd5 Qh6 13. c3 Be5 14.
Qe3 Qxe3+ 15. Nxe3 b6 16. Bc4 Bb7 17. Bd5 Bc6 18. O-O-O Kc7 19. g3 f6 20. Rd2
Rad8 21. Rhd1 Ba4 22. Bb3 Bxb3 23. axb3 Kc6 24. Nf5 g5 25. Ne7+ Kc7 26. f4 1-0

[Event "8. Open Internacional de Málaga"]
[Site "Campillos ESP"]
[Date "2005.02.25"]
[Round "8.1"]
[White "Cramling, Pia"]
[Black "Colovic, Aleksandar"]
[Result "1-0"]
[WhiteElo "2481"]
[BlackElo "2408"]
[PlyCount "73"]
[EventDate "2005.02.19"]
[EventType "swiss"]
[EventRounds "9"]
[EventCountry "ESP"]
[Source "lmi"]
[SourceDate "2005.02.26"]

1. d4 Nf6 2. Nf3 g6 3. c4 Bg7 4. Nc3 d5 5. Bg5 Ne4 6. cxd5 Nxg5 7. Nxg5 e6 8.
Qd2 h6 9. Nh3 exd5 10. Nf4 c5 11. dxc5 d4 12. Ne4 O-O 13. g3 Na6 14. Bg2 Bd7
15. O-O Bc6 16. b4 Qd7 17. Rac1 Nc7 18. Nd6 Nb5 19. Bxc6 Qxc6 20. Nxb5 Qxb5 21.
a3 Rfe8 22. Rfe1 Rad8 23. Qa2 g5 24. Nd3 Re4 25. a4 Qe8 26. b5 Re6 27. Rc2 Qe7
28. Rec1 Re8 29. Qd5 Rd8 30. Qf3 Rf6 31. Qg4 Rd7 32. Nb4 Re6 33. c6 bxc6 34.
bxc6 Rd8 35. c7 Rc8 36. Nc6 Qxc7 37. Nxd4 1-0

[Event "8. Open Internacional de Málaga"]
[Site "Campillos ESP"]
[Date "2005.02.25"]
[Round "8.3"]
[White "Alonso, Rene"]
[Black "Komljenovic, Davor"]
[Result "1/2-1/2"]
[WhiteElo "2395"]
[BlackElo "2492"]
[PlyCount "51"]
[EventDate "2005.02.19"]
[EventType "swiss"]
[EventRounds "9"]
[EventCountry "ESP"]
[Source "lmi"]
[SourceDate "2005.02.26"]

1. Nf3 Nf6 2. c4 c5 3. Nc3 d5 4. cxd5 Nxd5 5. d4 Nxc3 6. bxc3 g6 7. e4 Bg7 8.
Bb5+ Bd7 9. Bxd7+ Nxd7 10. O-O Qa5 11. Qb3 Nb6 12. dxc5 Qxc5 13. Be3 Qxc3 14.
Bxb6 axb6 15. Qxb6 Qxa1 16. Rxa1 Bxa1 17. Qb5+ Kf8 18. Qb1 Bg7 19. Qxb7 Rd8 20.
h4 h6 21. g3 e6 22. Kg2 Ba1 23. Qb1 Bf6 24. Qc1 Re8 25. e5 Bg7 26. Qf4 1/2-1/2

[Event "8. Open Internacional de Málaga"]
[Site "Campillos ESP"]
[Date "2005.02.25"]
[Round "8.4"]
[White "Rizouk, Aimen"]
[Black "Perez Garcia, Rodney"]
[Result "1/2-1/2"]
[WhiteElo "2465"]
[BlackElo "2430"]
[PlyCount "41"]
[EventDate "2005.02.19"]
[EventType "swiss"]
[EventRounds "9"]
[EventCountry "ESP"]
[Source "lmi"]
[SourceDate "2005.02.26"]

1. e4 e6 2. d4 d5 3. Nd2 dxe4 4. Nxe4 Nd7 5. Nf3 Ngf6 6. Nxf6+ Nxf6 7. c3 c5 8.
Ne5 a6 9. Qa4+ Bd7 10. Nxd7 Qxd7 11. Qxd7+ Kxd7 12. dxc5 Bxc5 13. Be2 Rad8 14.
Bf4 Kc8 15. Bf3 e5 16. Bg5 e4 17. Be2 Rhe8 18. Rd1 Rxd1+ 19. Bxd1 e3 20. Bxe3
Nd5 21. Bf3 1/2-1/2

[Event "8. Open Internacional de Málaga"]
[Site "Campillos ESP"]
[Date "2005.02.25"]
[Round "8.5"]
[White "Barrientos Chavarriaga, Sergio"]
[Black "Baron Rodriguez, Jesus"]
[Result "1/2-1/2"]
[WhiteElo "2432"]
[BlackElo "2422"]
[PlyCount "79"]
[EventDate "2005.02.19"]
[EventType "swiss"]
[EventRounds "9"]
[EventCountry "ESP"]
[Source "lmi"]
[SourceDate "2005.02.26"]

1. e4 e5 2. Nf3 Nc6 3. Bb5 Nf6 4. d3 d6 5. c3 Bd7 6. Nbd2 g6 7. O-O Bg7 8. Re1
O-O 9. d4 Nxd4 10. cxd4 Bxb5 11. dxe5 dxe5 12. Nxe5 Nd7 13. Nef3 Nc5 14. e5 Qd5
15. Qc2 Rad8 16. Nb3 Nd3 17. Rd1 Nb4 18. Qd2 Qxd2 19. Bxd2 Nd3 20. Bc3 c5 21.
Ng5 Rd5 22. Ne4 Bxe5 23. Nbxc5 Bxc3 24. bxc3 Rxc5 25. Rxd3 Re5 26. Rd4 Rc8 27.
f4 Re7 28. a4 Bc6 29. Nd6 Rcc7 30. Kf2 Re6 31. a5 a6 32. c4 Rce7 33. Ra2 h5 34.
Rb2 Re1 35. Nxb7 Bxb7 36. Rxb7 R1e2+ 37. Kf1 Re1+ 38. Kf2 R1e2+ 39. Kf1 Re1+
40. Kf2 1/2-1/2

[Event "8. Open Internacional de Málaga"]
[Site "Campillos ESP"]
[Date "2005.02.25"]
[Round "8.6"]
[White "Arizmendi Martinez, Julen Luis"]
[Black "Fernandez Siles, Luis"]
[Result "1-0"]
[WhiteElo "2509"]
[BlackElo "2280"]
[PlyCount "93"]
[EventDate "2005.02.19"]
[EventType "swiss"]
[EventRounds "9"]
[EventCountry "ESP"]
[Source "lmi"]
[SourceDate "2005.02.26"]

1. e4 e5 2. Nf3 Nc6 3. Bb5 a6 4. Ba4 Nf6 5. O-O Be7 6. Re1 b5 7. Bb3 d6 8. c3
O-O 9. h3 Nb8 10. d4 Nbd7 11. Nbd2 Bb7 12. Bc2 Re8 13. Nf1 Bf8 14. Ng3 g6 15.
a4 c5 16. d5 c4 17. Bg5 h6 18. Be3 Nc5 19. Qd2 h5 20. Bg5 Be7 21. Ra3 Rb8 22.
Rea1 Bc8 23. axb5 axb5 24. Ra7 Bd7 25. Be3 Rc8 26. Bg5 Nh7 27. Bxe7 Qxe7 28.
Qe3 Qf6 29. Ne2 Re7 30. Nd2 Qg7 31. b4 cxb3 32. Nxb3 Na4 33. Na5 f6 34. Ra6 f5
35. exf5 gxf5 36. Rxd6 Nxc3 37. Nxc3 e4 38. Nc6 Bxc6 39. Rxc6 Rf8 40. Raa6 f4
41. Qc5 Nf6 42. Rxf6 Rxf6 43. Rxf6 Qxf6 44. Nxe4 Qa1+ 45. Kh2 Qe5 46. d6 Qxc5
47. Nxc5 1-0

[Event "8. Open Internacional de Málaga"]
[Site "Campillos ESP"]
[Date "2005.02.25"]
[Round "8.8"]
[White "Kovacevic, Slobodan"]
[Black "Khamrakulov, Ibragim S"]
[Result "0-1"]
[WhiteElo "2367"]
[BlackElo "2501"]
[PlyCount "58"]
[EventDate "2005.02.19"]
[EventType "swiss"]
[EventRounds "9"]
[EventCountry "ESP"]
[Source "lmi"]
[SourceDate "2005.02.26"]

1. d4 Nf6 2. Nf3 g6 3. c3 Bg7 4. Bg5 b6 5. Nbd2 Bb7 6. Qc2 c5 7. dxc5 bxc5 8.
e4 O-O 9. Bd3 h6 10. Bxf6 exf6 11. O-O Qc7 12. Rfe1 Nc6 13. Nc4 Ne7 14. Nfd2 d5
15. exd5 Nxd5 16. Be4 f5 17. Bf3 Nf4 18. Rad1 Rad8 19. Bxb7 Qxb7 20. Nf3 Rxd1
21. Qxd1 Qa6 22. Qb3 g5 23. Ne3 Re8 24. Nc4 Rxe1+ 25. Nxe1 Ne2+ 26. Kf1 Nc1 27.
Qb8+ Kh7 28. b3 Qe6 29. Qxa7 f4 0-1

[Event "8. Open Internacional de Málaga"]
[Site "Campillos ESP"]
[Date "2005.02.25"]
[Round "8.9"]
[White "Saldano, Horacio"]
[Black "Frois, Antonio"]
[Result "1/2-1/2"]
[WhiteElo "2482"]
[BlackElo "2320"]
[PlyCount "31"]
[EventDate "2005.02.19"]
[EventType "swiss"]
[EventRounds "9"]
[EventCountry "ESP"]
[Source "lmi"]
[SourceDate "2005.02.26"]

1. e4 c5 2. Nf3 g6 3. d4 cxd4 4. Nxd4 Nc6 5. Nc3 Bg7 6. Be3 Nf6 7. Bc4 O-O 8.
Bb3 d6 9. f3 Bd7 10. Qd2 Nxd4 11. Bxd4 b5 12. a4 b4 13. Nd5 Nxd5 14. Bxg7 Kxg7
15. Bxd5 Rc8 16. O-O 1/2-1/2

[Event "8. Open Internacional de Málaga"]
[Site "Campillos ESP"]
[Date "2005.02.25"]
[Round "8.10"]
[White "Llanes Hurtado, Miguel"]
[Black "Javakhishvili, Lela"]
[Result "1/2-1/2"]
[WhiteElo "2418"]
[BlackElo "2456"]
[PlyCount "31"]
[EventDate "2005.02.19"]
[EventType "swiss"]
[EventRounds "9"]
[EventCountry "ESP"]
[Source "lmi"]
[SourceDate "2005.02.26"]

1. d4 Nf6 2. Nf3 e6 3. c4 b6 4. g3 Ba6 5. b3 Bb4+ 6. Bd2 Be7 7. Bg2 c6 8. O-O
d5 9. Qc2 O-O 10. Rd1 Nbd7 11. Bf4 Rc8 12. Nc3 Nh5 13. Bc1 f5 14. e3 Bd6 15. a4
Be7 16. a5 1/2-1/2

[Event "8. Open Internacional de Málaga"]
[Site "Campillos ESP"]
[Date "2005.02.25"]
[Round "8.11"]
[White "Bellon Lopez, Juan Manuel"]
[Black "Barria, Daniel"]
[Result "1-0"]
[WhiteElo "2428"]
[BlackElo "2349"]
[PlyCount "54"]
[EventDate "2005.02.19"]
[EventType "swiss"]
[EventRounds "9"]
[EventCountry "ESP"]
[Source "lmi"]
[SourceDate "2005.02.26"]

1. d4 e6 2. c4 Nf6 3. Nf3 b6 4. g3 Ba6 5. Qa4 Bb7 6. Bg2 c5 7. dxc5 Bxc5 8. O-O
O-O 9. Nc3 Qe7 10. a3 a5 11. Qc2 h6 12. b3 d5 13. cxd5 Nxd5 14. Bb2 Nd7 15. Nh4
N7f6 16. Nxd5 Nxd5 17. Bxd5 Bxd5 18. e4 Bb7 19. Qc3 Qf6 20. Qxc5 Qxb2 21. Qe3
Rfd8 22. f3 g5 23. Rfb1 Qd2 24. Ng2 Rab8 25. Qxd2 Rxd2 26. b4 g4 27. Re1 a4 1-0

[Event "8. Open Internacional de Málaga"]
[Site "Campillos ESP"]
[Date "2005.02.25"]
[Round "8.12"]
[White "Belezky, Sasha"]
[Black "Yeo, Michael J"]
[Result "1-0"]
[WhiteElo "2402"]
[BlackElo "2222"]
[PlyCount "95"]
[EventDate "2005.02.19"]
[EventType "swiss"]
[EventRounds "9"]
[EventCountry "ESP"]
[Source "lmi"]
[SourceDate "2005.02.26"]

1. Nf3 Nc6 2. d4 d5 3. c4 Bg4 4. cxd5 Bxf3 5. gxf3 Qxd5 6. e3 e5 7. Nc3 Bb4 8.
Bd2 Bxc3 9. bxc3 exd4 10. cxd4 O-O-O 11. Be2 f5 12. Qb3 Nf6 13. Rb1 Qxb3 14.
Rxb3 Rhe8 15. f4 Nd5 16. Kf1 Rd6 17. Bf3 Nce7 18. Rg1 g6 19. Bb4 Rb6 20. Bc5
Rxb3 21. axb3 a5 22. h4 b6 23. Ba3 Kd7 24. h5 Rg8 25. hxg6 Rxg6 26. Rg5 Ke6 27.
e4 Nxf4 28. Bxe7 Kxe7 29. Rxf5 Rf6 30. Re5+ Kf8 31. Be2 Nxe2 32. Kxe2 Kf7 33.
Rh5 Kg7 34. d5 Rh6 35. Re5 Kf7 36. Rf5+ Rf6 37. Rh5 Kg6 38. Rh3 Rf7 39. Ke3 b5
40. f4 a4 41. bxa4 bxa4 42. f5+ Kg5 43. Rg3+ Kf6 44. Kf4 Re7 45. Ra3 h5 46.
Rxa4 Rg7 47. Ra6+ Kf7 48. Rh6 1-0